[Event "Hessen Senioren-ch 2012  8th"]
[Site "Bad Sooden-Adf. (14.4.-22.4)"]
[Date "2012.04.17"]
[Round "4.53"]
[White "Van Dongen, Rob"]
[Black "Brahn, Helmut"]
[Result "1/2-1/2"]
[WhiteElo "1834"]
[BlackElo "1591"]
[PlyCount "55"]
[EventDate "2012.04.??"]
[EventType "swiss"]
[EventRounds "9"]
[EventCountry "GER"]
[WhiteTeam "NED/Amsterdam VAS"]
[BlackTeam "Burghaun SG"]
[WhiteTeamCountry "NED"]

1. d4 d5 2. Nf3 Nf6 3. e3 a6 4. Bd3 e6 5. Nbd2 b5 6. Qe2 Bb7 7. O-O Nbd7 8. Nb3
c5 9. dxc5 Bxc5 10. Nxc5 Nxc5 11. b3 Nxd3 12. Qxd3 O-O 13. Bb2 Re8 14. Qd4 Re7
15. Ne5 Ne8 16. f4 f6 17. Ng4 Qc7 18. Ba3 Rf7 19. Rac1 Rc8 20. Rf3 Qc3 21. Qxc3
Rxc3 22. Bb2 Rc8 23. Rff1 Rfc7 24. c3 a5 25. Nf2 Nd6 26. g4 Nf7 27. Rfe1 e5 28.
Nd3 1/2-1/2

[Event "Hessen Senioren-ch 2012  8th"]
[Site "Bad Sooden-Adf. (14.4.-22.4)"]
[Date "2012.04.17"]
[Round "4.54"]
[White "Schiller, Hans(42)"]
[Black "Kempen, Willi"]
[Result "0-1"]
[WhiteElo "1611"]
[BlackElo "1855"]
[PlyCount "44"]
[EventDate "2012.04.??"]
[EventType "swiss"]
[EventRounds "9"]
[EventCountry "GER"]
[WhiteTeam "Bad Lausick Sfr."]
[BlackTeam "Rheydter SV"]

1. d4 d5 2. Nf3 Nf6 3. e3 e6 4. c4 c6 5. Nc3 Bd6 6. Bd3 Nbd7 7. O-O O-O 8. a3
e5 9. cxd5 cxd5 10. dxe5 Nxe5 11. Be2 Be6 12. Nb5 Bb8 13. Nbd4 Qd6 14. Nxe5
Qxe5 15. g3 Bh3 16. Re1 a6 17. b4 Rd8 18. Bb2 Ne4 19. Bg4 Qf6 20. Bxh3 Qxf2+
21. Kh1 Qxb2 22. Re2 Nf2+ 0-1

[Event "Hessen Senioren-ch 2012  8th"]
[Site "Bad Sooden-Adf. (14.4.-22.4)"]
[Date "2012.04.17"]
[Round "4.55"]
[White "Tuertmann, Dieter"]
[Black "Schmieder, Wolfgang"]
[Result "1/2-1/2"]
[WhiteElo "1806"]
[BlackElo "1551"]
[PlyCount "56"]
[EventDate "2012.04.??"]
[EventType "swiss"]
[EventRounds "9"]
[EventCountry "GER"]
[WhiteTeam "Eberswalde 1949 ESV"]
[BlackTeam "Kassel SVH"]

1. Nf3 c5 2. b3 Nf6 3. Bb2 Nc6 4. e3 e6 5. Be2 d5 6. d4 cxd4 7. Nxd4 Nxd4 8.
exd4 g6 9. O-O Bg7 10. Ba3 Ne4 11. Bb2 O-O 12. f3 Nf6 13. Qd2 a6 14. a4 Bd7 15.
Na3 Rc8 16. a5 h5 17. Bd3 Kh7 18. Rfd1 Ng8 19. c4 dxc4 20. Nxc4 Bb5 21. Qf2
Bxc4 22. Bxc4 Nf6 23. g3 Nd5 24. f4 Rc6 25. Qf3 Qd7 26. Bxd5 exd5 27. Qd3 Rfc8
28. Rac1 Bf8 1/2-1/2

[Event "Hessen Senioren-ch 2012  8th"]
[Site "Bad Sooden-Adf. (14.4.-22.4)"]
[Date "2012.04.17"]
[Round "4.56"]
[White "Hilbig, Klaus"]
[Black "Schumacher, Helmut(31)"]
[Result "0-1"]
[WhiteElo "1535"]
[BlackElo "1847"]
[PlyCount "74"]
[EventDate "2012.04.??"]
[EventType "swiss"]
[EventRounds "9"]
[EventCountry "GER"]
[WhiteTeam "Ahrensburger TSV"]
[BlackTeam "Aachen St. Josef DJK"]

1. d4 d5 2. Nf3 c6 3. e3 Nf6 4. Nbd2 Bf5 5. c4 e6 6. Be2 Nbd7 7. O-O Be7 8. Nh4
Bg6 9. Nxg6 hxg6 10. cxd5 exd5 11. a3 a5 12. a4 Qc7 13. f4 O-O 14. b3 Rfe8 15.
Ba3 Bxa3 16. Rxa3 Rxe3 17. Ra2 Qb6 18. Nf3 Qxb3 19. Qa1 Qb6 20. Ne5 Nxe5 21.
fxe5 Rxe5 22. Rb1 Qa7 23. Rxb7 Qxb7 24. dxe5 Ne4 25. Rb2 Qa7+ 26. Kh1 Nf2+ 27.
Kg1 Nd3+ 28. Kh1 Nxb2 29. Qxb2 Rb8 30. Qc2 Qb6 31. Bd1 Qe3 32. h3 Qe1+ 33. Kh2
Qxe5+ 34. Kg1 Rb2 35. Qd3 Qe1+ 36. Kh2 Rd2 37. Qb3 Rxd1 0-1

[Event "Hessen Senioren-ch 2012  8th"]
[Site "Bad Sooden-Adf. (14.4.-22.4)"]
[Date "2012.04.17"]
[Round "4.57"]
[White "Van Vorselen, Theo"]
[Black "Huhn, Ulrich"]
[Result "1/2-1/2"]
[WhiteElo "1551"]
[BlackElo "1789"]
[PlyCount "117"]
[EventDate "2012.04.??"]
[EventType "swiss"]
[EventRounds "9"]
[EventCountry "GER"]
[WhiteTeam "NED/Den Haag DD"]
[BlackTeam "Berlin Siemensstadt SF"]
[WhiteTeamCountry "NED"]

1. e4 d5 2. exd5 Nf6 3. c4 c6 4. d4 cxd5 5. Nc3 e6 6. Nf3 Nc6 7. cxd5 exd5 8.
h3 Qb6 9. Bd3 Bd7 10. Qe2+ Be7 11. Be3 Nb4 12. Bb1 Qa6 13. Qxa6 Nxa6 14. O-O
O-O 15. a3 Nc7 16. Bd3 a6 17. Rac1 Rac8 18. Rc2 Nb5 19. Rfc1 Nxc3 20. Rxc3 Rxc3
21. Rxc3 Rc8 22. Rxc8+ Bxc8 23. Ne5 Be6 24. g4 Ne4 25. f4 f6 26. Nf3 h5 27. f5
hxg4 28. hxg4 Bf7 29. Nd2 Nxd2 30. Bxd2 Bd8 31. Kf2 Bb6 32. Ke3 Kf8 33. Bb4+
Ke8 34. Bc2 Bd8 35. Ba4+ b5 36. Bc2 Be7 37. Bxe7 Kxe7 38. b4 Kd6 39. Kf4 Be8
40. Bd3 Bd7 41. Bc2 Be8 42. Bd3 Kc6 43. Be2 Kb6 44. Bd3 a5 45. Bc2 axb4 46.
axb4 Kc6 47. Bd3 Kd6 48. Bc2 Ke7 49. Bd3 Kf8 50. Bc2 Kg8 51. Bb3 Bc6 52. Bc2
Kh7 53. Bd3 Kh6 54. Bc2 Be8 55. Bd3 Bc6 56. Bc2 Be8 57. Bd3 Bd7 58. Bc2 g6 59.
Bd3 1/2-1/2

[Event "Hessen Senioren-ch 2012  8th"]
[Site "Bad Sooden-Adf. (14.4.-22.4)"]
[Date "2012.04.17"]
[Round "4.58"]
[White "Zoll, Theo"]
[Black "Reimann, Guenther"]
[Result "0-1"]
[WhiteElo "1540"]
[BlackElo "1779"]
[PlyCount "114"]
[EventDate "2012.04.??"]
[EventType "swiss"]
[EventRounds "9"]
[EventCountry "GER"]
[WhiteTeam "Göttingen Rot-Weiß ESV"]
[BlackTeam "Magstadt SC"]

1. d4 e6 2. Bf4 d5 3. Nf3 Nf6 4. e3 Nbd7 5. Nbd2 g6 6. h3 Bg7 7. Bd3 c5 8. c3
b6 9. Ne5 Nxe5 10. Bxe5 O-O 11. a4 Bb7 12. Bc2 Rc8 13. Qe2 Re8 14. O-O Bf8 15.
Rfc1 Nd7 16. Bg3 Bg7 17. Nf3 f6 18. Bh4 Rf8 19. Ne5 Qe8 20. Nxd7 Qxd7 21. Qg4
Rce8 22. f4 Ba6 23. b4 Bc4 24. Bf2 Rc8 25. Rd1 cxb4 26. cxb4 Rc7 27. h4 Rfc8
28. Rd2 f5 29. Qd1 Bf8 30. Rb1 Bd6 31. Be1 Qe7 32. b5 Bb4 33. Rf2 Bxe1 34. Qxe1
Qxh4 35. Rd2 Qxe1+ 36. Rxe1 Bxb5 37. Bxf5 Bd7 38. Bd3 Bxa4 39. Ba6 Rb8 40. g4
b5 41. Rb2 Rb6 42. Bxb5 Bxb5 43. g5 Bc4 44. Rbb1 Rcb7 45. Rbc1 Rb2 46. Rc3 Ra2
47. e4 Rbb2 48. Rh3 a5 49. f5 dxe4 50. f6 Rg2+ 51. Kh1 Rxg5 52. Rc1 Rf5 53.
Rhc3 Rf1+ 54. Rxf1 Bxf1 55. Rc8+ Kf7 56. Rh8 h5 57. Rd8 Bc4 0-1

[Event "Hessen Senioren-ch 2012  8th"]
[Site "Bad Sooden-Adf. (14.4.-22.4)"]
[Date "2012.04.17"]
[Round "4.59"]
[White "Fleischer, Martin"]
[Black "Preiss, Lore"]
[Result "1-0"]
[WhiteElo "1758"]
[BlackElo "1524"]
[PlyCount "109"]
[EventDate "2012.04.??"]
[EventType "swiss"]
[EventRounds "9"]
[EventCountry "GER"]
[WhiteTeam "Schwerin Einheit SV"]
[BlackTeam "Steinhagen SK"]

1. e4 d6 2. c3 e5 3. Nf3 Nf6 4. h3 Be7 5. Qc2 b6 6. d4 exd4 7. cxd4 O-O 8. Be3
Bb7 9. Nbd2 Nbd7 10. Bd3 g6 11. Bh6 Re8 12. Qb3 Bf8 13. Bg5 h6 14. Bxf6 Qxf6
15. O-O Bg7 16. Rac1 Rac8 17. Qa4 Qd8 18. Qxa7 Rb8 19. Qa3 Ra8 20. Qb3 c5 21.
d5 Ba6 22. Bxa6 Rxa6 23. a3 Nf6 24. Qc2 Nh5 25. Rfe1 Qf6 26. Rb1 Qd8 27. a4 Ra7
28. Nc4 Nf6 29. b4 Bf8 30. bxc5 bxc5 31. a5 Nd7 32. Rb5 Nb8 33. Reb1 Na6 34.
Nfd2 Nb4 35. Qb3 Qd7 36. Rb6 Rea8 37. Rxb4 cxb4 38. Nb6 Qb5 39. Nxa8 Rxa8 40.
Qxb4 Qxa5 41. Qxa5 Rxa5 42. f3 Rc5 43. Rb8 Kg7 44. Re8 Rc7 45. Kf2 Be7 46. f4
Rd7 47. Rc8 Bd8 48. Rc6 Be7 49. Nc4 Bf8 50. g4 g5 51. Kf3 Be7 52. fxg5 hxg5 53.
Ne3 Kg6 54. Nf5 Kf6 55. Rc8 1-0

[Event "Hessen Senioren-ch 2012  8th"]
[Site "Bad Sooden-Adf. (14.4.-22.4)"]
[Date "2012.04.17"]
[Round "4.60"]
[White "Ludwig, Siegfried"]
[Black "Kluger, Hans-Peter"]
[Result "0-1"]
[WhiteElo "1412"]
[BlackElo "1746"]
[PlyCount "100"]
[EventDate "2012.04.??"]
[EventType "swiss"]
[EventRounds "9"]
[EventCountry "GER"]
[WhiteTeam "Hemmingen GSV"]
[BlackTeam "Fallersleben SF"]

1. e4 d6 2. Nc3 Nf6 3. Nf3 Bg4 4. Be2 e5 5. d3 Be7 6. Bg5 O-O 7. Qd2 c6 8. h3
Be6 9. d4 Qa5 10. Bxf6 Bxf6 11. d5 cxd5 12. Nxd5 Qxd2+ 13. Nxd2 Bxd5 14. exd5
a6 15. Ne4 Be7 16. c4 f5 17. Nd2 Nd7 18. g4 Bh4 19. Nf3 Bxf2+ 20. Kxf2 fxg4 21.
hxg4 e4 22. Kg2 exf3+ 23. Bxf3 Rf4 24. b3 Raf8 25. Raf1 Rd4 26. Rd1 Rdf4 27.
Rdf1 Re8 28. Bd1 Rd4 29. Rf2 b5 30. Rhf1 bxc4 31. bxc4 Ne5 32. Ba4 Rxg4+ 33.
Kh3 Rd8 34. Rf4 Rxf4 35. Rxf4 Rb8 36. Bb3 a5 37. c5 Nd3 38. Ra4 Nxc5 39. Rxa5
Nxb3 40. Ra6 Nc1 41. a4 Rd8 42. a5 Nd3 43. Rb6 Nf4+ 44. Kg4 Nxd5 45. Rc6 Kf7
46. a6 Ke6 47. a7 Ra8 48. Ra6 Ne7 49. Ra1 d5 50. Ra6+ Ke5 0-1

[Event "Hessen Senioren-ch 2012  8th"]
[Site "Bad Sooden-Adf. (14.4.-22.4)"]
[Date "2012.04.17"]
[Round "4.61"]
[White "Josting, Friedel"]
[Black "Fuhlrott, Heinz"]
[Result "1/2-1/2"]
[WhiteElo "1785"]
[BlackElo "1501"]
[PlyCount "53"]
[EventDate "2012.04.??"]
[EventType "swiss"]
[EventRounds "9"]
[EventCountry "GER"]
[WhiteTeam "Bünde 1945 SG"]
[BlackTeam "Winsen Fichte MTV"]

1. d4 Nf6 2. Bf4 g6 3. e3 Bg7 4. Nd2 d5 5. h3 O-O 6. Ngf3 Nbd7 7. Be2 b6 8. O-O
Bb7 9. c4 e6 10. Rc1 c5 11. b3 Rc8 12. Bg5 Qc7 13. cxd5 Bxd5 14. dxc5 bxc5 15.
Ba6 Bb7 16. Qe2 Qb6 17. Bxb7 Qxb7 18. Rfd1 h6 19. Bh4 g5 20. Bg3 Nd5 21. Qd3
Nb4 22. Qb1 Nb6 23. Ne4 Qa6 24. a4 c4 25. bxc4 Qxa4 26. Bd6 Na2 27. Rc2 1/2-1/2

[Event "Hessen Senioren-ch 2012  8th"]
[Site "Bad Sooden-Adf. (14.4.-22.4)"]
[Date "2012.04.17"]
[Round "4.62"]
[White "Pastowski, Werner"]
[Black "Piastowski, Kurt"]
[Result "1/2-1/2"]
[WhiteElo "1505"]
[BlackElo "1749"]
[PlyCount "135"]
[EventDate "2012.04.??"]
[EventType "swiss"]
[EventRounds "9"]
[EventCountry "GER"]
[WhiteTeam "Schmalkalden 04 SV"]
[BlackTeam "Lüneburg Turm SC"]

1. d4 d5 2. Nf3 Nf6 3. c3 Bf5 4. Bf4 e6 5. Nbd2 h6 6. e3 Nbd7 7. Ne5 Be7 8.
Ndf3 O-O 9. Be2 c5 10. Nxd7 Nxd7 11. Bd3 Be4 12. Bxe4 dxe4 13. Ne5 Nf6 14. O-O
Qb6 15. Qb3 Rfd8 16. Qxb6 axb6 17. Nc4 Nd5 18. Bg3 b5 19. Nd2 f5 20. Be5 Rdc8
21. dxc5 Bxc5 22. Rfe1 Kf7 23. Nb3 Bb6 24. a3 Ne7 25. Rad1 Rd8 26. Kf1 Nc6 27.
Bd4 Bc7 28. Bc5 Ne5 29. Rxd8 Rxd8 30. Bd4 Nd3 31. Rb1 b6 32. f4 exf3 33. gxf3
e5 34. Ke2 exd4 35. Kxd3 dxe3+ 36. Kxe3 Bxh2 37. Nd4 Rd5 38. b3 Bc7 39. a4 bxa4
40. bxa4 Kf6 41. f4 Rc5 42. Rb3 Rc4 43. a5 bxa5 44. Kd3 Rc5 45. c4 Bxf4 46.
Rb6+ Ke7 47. Rb7+ Bc7 48. Nxf5+ Rxf5 49. Rxc7+ Kf6 50. c5 h5 51. c6 Rg5 52. Kd4
Ke6 53. Ra7 Kd6 54. c7 Kd7 55. Ke4 Kc8 56. Kf4 Rc5 57. Ke4 g6 58. Kf4 Rf5+ 59.
Kg3 g5 60. Kh3 Rc5 61. Kg3 Rxc7 62. Rxa5 Rg7 63. Rf5 Kd7 64. Rf6 Ke7 65. Rh6
h4+ 66. Kg4 Kf7 67. Ra6 Rg6 68. Ra7+ 1/2-1/2

[Event "Hessen Senioren-ch 2012  8th"]
[Site "Bad Sooden-Adf. (14.4.-22.4)"]
[Date "2012.04.17"]
[Round "4.63"]
[White "Rollwitz, Juergen"]
[Black "Wolff, Heinz(37)"]
[Result "1-0"]
[WhiteElo "1755"]
[BlackElo "1416"]
[PlyCount "63"]
[EventDate "2012.04.??"]
[EventType "swiss"]
[EventRounds "9"]
[EventCountry "GER"]
[WhiteTeam "Berlin Wedding SG"]
[BlackTeam "Bad Langensalza SV"]

1. e4 c6 2. d4 d5 3. exd5 cxd5 4. c4 e6 5. Nf3 Nf6 6. Nc3 Bb4 7. Bd2 Nc6 8.
cxd5 Nxd5 9. a3 Bxc3 10. bxc3 O-O 11. Bd3 h6 12. O-O Nf6 13. Qe2 a6 14. Rfd1
Qd6 15. Ne5 Nd7 16. Bf4 Ncxe5 17. dxe5 Qc6 18. Qe3 f5 19. h4 Rf7 20. Be2 Qc5
21. Bh5 Qxe3 22. Bxf7+ Kxf7 23. fxe3 b5 24. Rac1 Nb6 25. Rd6 Nc4 26. Rc6 Rb8
27. a4 Bb7 28. Rc7+ Kf8 29. axb5 axb5 30. Ra1 Be4 31. Raa7 Ra8 32. Rxa8+ 1-0

[Event "Hessen Senioren-ch 2012  8th"]
[Site "Bad Sooden-Adf. (14.4.-22.4)"]
[Date "2012.04.17"]
[Round "4.64"]
[White "Auerswald, Gottfried Dr"]
[Black "Pajcin, Jovan"]
[Result "0-1"]
[WhiteElo "1499"]
[BlackElo "1675"]
[PlyCount "71"]
[EventDate "2012.04.??"]
[EventType "swiss"]
[EventRounds "9"]
[EventCountry "GER"]
[WhiteTeam "Dingelstädt SK"]
[BlackTeam "Leiden Philidor"]

1. e4 c6 2. d4 g6 3. Nc3 Bg7 4. Nf3 Nf6 5. Bc4 b5 6. Bd3 b4 7. Ne2 O-O 8. O-O
d5 9. exd5 Nxd5 10. Nf4 Nxf4 11. Bxf4 Bxd4 12. Nxd4 Qxd4 13. Qc1 Qb6 14. Re1
Re8 15. Bg5 Be6 16. b3 Qc5 17. Bh6 Nd7 18. Qb2 Nf6 19. Re5 Qd6 20. Rg5 Red8 21.
Rg3 Qd4 22. Qxd4 Rxd4 23. Be3 Rd7 24. Bc5 a5 25. Re1 Kf8 26. h3 Ke8 27. Rge3
Rd5 28. Bb6 h6 29. Re5 Rxe5 30. Rxe5 Nd7 31. Rxe6 fxe6 32. Be3 Nf6 33. Bc5 Nd7
34. Be3 a4 35. Bd2 axb3 36. axb3 0-1

[Event "Hessen Senioren-ch 2012  8th"]
[Site "Bad Sooden-Adf. (14.4.-22.4)"]
[Date "2012.04.17"]
[Round "4.65"]
[White "Boehme, Erich"]
[Black "Daebel, Hasso Dr"]
[Result "1-0"]
[WhiteElo "1740"]
[BlackElo "1473"]
[PlyCount "99"]
[EventDate "2012.04.??"]
[EventType "swiss"]
[EventRounds "9"]
[EventCountry "GER"]
[WhiteTeam "Stadtallendorf SK"]
[BlackTeam "Drewer 54 SG"]

1. c4 Nc6 2. Nc3 Nf6 3. d4 d5 4. Nf3 h6 5. cxd5 Nxd5 6. e4 Nxc3 7. bxc3 Bg4 8.
Be2 e6 9. O-O a6 10. h3 Bh5 11. Be3 Be7 12. Qd2 Bxf3 13. Bxf3 Bg5 14. e5 Bxe3
15. Qxe3 Na5 16. Be2 c6 17. f4 g6 18. Rab1 b5 19. g4 Qd5 20. Bf3 Qd7 21. Be2
Qd5 22. Bd3 h5 23. Be4 Qd7 24. Qf3 Rc8 25. f5 hxg4 26. hxg4 gxf5 27. gxf5 Qe7
28. f6 Qf8 29. Rf2 Kd7 30. Kf1 Qh6 31. Ke2 Qh5 32. Qxh5 Rxh5 33. Rg1 Rh3 34.
Bf3 Rch8 35. Rg7 R3h7 36. Be4 Rxg7 37. fxg7 Rg8 38. Rxf7+ Ke8 39. Bg6 Rxg7 40.
Rxg7+ Kf8 41. Ra7 c5 42. Rxa6 Nc4 43. Rxe6 cxd4 44. cxd4 b4 45. d5 Kg7 46. d6
Nb6 47. Be8 Nd5 48. Kf3 Nc3 49. d7 Nxa2 50. d8=Q 1-0

[Event "Hessen Senioren-ch 2012  8th"]
[Site "Bad Sooden-Adf. (14.4.-22.4)"]
[Date "2012.04.17"]
[Round "4.66"]
[White "Rueggeberg, Wilhelm"]
[Black "Hartlaub, Marianne"]
[Result "1-0"]
[WhiteElo "1702"]
[BlackElo "1328"]
[PlyCount "27"]
[EventDate "2012.04.??"]
[EventType "swiss"]
[EventRounds "9"]
[EventCountry "GER"]
[WhiteTeam "Saarburg-Trier Sfr."]
[BlackTeam "Klingenberg SK"]

1. d4 d6 2. c4 Nf6 3. Nf3 Bg4 4. Nbd2 Nbd7 5. Qc2 g6 6. e4 c6 7. h3 Bxf3 8.
Nxf3 Qc7 9. Be2 Bg7 10. Bf4 Nh5 11. Be3 O-O 12. O-O f5 13. exf5 Rxf5 14. Nh4
1-0

[Event "Hessen Senioren-ch 2012  8th"]
[Site "Bad Sooden-Adf. (14.4.-22.4)"]
[Date "2012.04.17"]
[Round "4.67"]
[White "Wilfert, Eva-Maria"]
[Black "Schwertel, Johann"]
[Result "0-1"]
[WhiteElo "1469"]
[BlackElo "1895"]
[PlyCount "71"]
[EventDate "2012.04.??"]
[EventType "swiss"]
[EventRounds "9"]
[EventCountry "GER"]
[WhiteTeam "Hof PTSV SK"]
[BlackTeam "Koblenz 03/25 SV"]

1. e4 c6 2. d4 d5 3. Nc3 dxe4 4. Nxe4 Nf6 5. Ng3 e6 6. Nf3 Nbd7 7. Be2 Bd6 8.
Bg5 h6 9. Be3 Nd5 10. Bd2 Nf4 11. Bf1 Qb6 12. Ne4 Bb8 13. Rb1 O-O 14. g3 Ng6
15. Bg2 e5 16. Be3 exd4 17. Bxd4 Qa5+ 18. Nc3 Nde5 19. O-O Bg4 20. h3 Nxf3+ 21.
Bxf3 Bxh3 22. Bg2 Be6 23. a3 Qc7 24. Qh5 Re8 25. Ne4 Qd7 26. Rbd1 Bg4 27. Qh2
Bxd1 28. Rxd1 Qf5 29. Nc3 Qxc2 30. Qh3 Qxb2 31. Qd7 Be5 32. Rb1 Qxa3 33. Qxb7
Bxd4 34. Ne2 Rxe2 35. Qxa8+ Kh7 36. Rf1 0-1

[Event "Hessen Senioren-ch 2012  8th"]
[Site "Bad Sooden-Adf. (14.4.-22.4)"]
[Date "2012.04.17"]
[Round "4.68"]
[White "Just, Joachim"]
[Black "Krueger, Bernhard"]
[Result "1-0"]
[WhiteElo "1881"]
[BlackElo "1530"]
[PlyCount "65"]
[EventDate "2012.04.??"]
[EventType "swiss"]
[EventRounds "9"]
[EventCountry "GER"]
[WhiteTeam "Zeitz Motor SV"]
[BlackTeam "Grunbach SC"]

1. g3 Nf6 2. c4 e6 3. Bg2 c6 4. Nf3 Be7 5. d4 d5 6. Qc2 dxc4 7. Qxc4 Qb6 8. O-O
Qa6 9. b3 Nbd7 10. Qxa6 bxa6 11. Ba3 Bxa3 12. Nxa3 O-O 13. Nc4 a5 14. Nxa5 Ba6
15. Rfe1 Rac8 16. Rac1 c5 17. dxc5 Rxc5 18. Rxc5 Nxc5 19. Nc6 Nd5 20. Rc1 Ne4
21. Nfd4 Nec3 22. Bxd5 Nxd5 23. e4 Nf6 24. f3 Re8 25. Rc5 g6 26. Nxa7 Ra8 27.
Nac6 Bb7 28. a4 Ra6 29. Na5 Rb6 30. Rb5 Rxb5 31. axb5 Bc8 32. b6 Nd7 33. b7 1-0

[Event "Hessen Senioren-ch 2012  8th"]
[Site "Bad Sooden-Adf. (14.4.-22.4)"]
[Date "2012.04.17"]
[Round "4.69"]
[White "Dinius, Helmut"]
[Black "Zwanepol, Johan"]
[Result "0-1"]
[WhiteElo "1475"]
[BlackElo "1714"]
[PlyCount "152"]
[EventDate "2012.04.??"]
[EventType "swiss"]
[EventRounds "9"]
[EventCountry "GER"]
[WhiteTeam "Ludwigsstadt TSV"]
[BlackTeam "NED/Groningen SC"]
[BlackTeamCountry "NED"]

1. e4 d5 2. exd5 Qxd5 3. Nc3 Qd6 4. d4 Nf6 5. Be3 c6 6. h3 Nbd7 7. Nf3 Nb6 8.
Bd3 g6 9. O-O Bg7 10. Ne2 Be6 11. Rc1 Nbd5 12. Bd2 Nh5 13. c3 O-O 14. a3 Rad8
15. c4 Ndf4 16. c5 Qc7 17. Bc3 Bd5 18. Nxf4 Nxf4 19. Re1 Bh6 20. Ra1 f6 21. Bf1
Bf7 22. Nh2 e5 23. Nf3 Ne6 24. Qa4 exd4 25. Nxd4 Nxd4 26. Bxd4 Bg7 27. Bc3 Qb8
28. Re7 Rfe8 29. Rae1 Rxe7 30. Rxe7 Bf8 31. Re1 Bxc5 32. Bxf6 Rf8 33. Bh4 Bd5
34. Qc2 Bd6 35. Bc4 Rf5 36. Bxd5+ cxd5 37. Qe2 Re5 38. Qd2 Rxe1+ 39. Qxe1 Be5
40. Qd2 Qd6 41. Bg5 Kf7 42. Qc2 Qe6 43. Qb3 b6 44. Kf1 Qc6 45. Ke1 Qe6 46. Kf1
Bd6 47. Be3 Ke7 48. Bg5+ Kf7 49. Qf3+ Kg7 50. Qe3 Qf5 51. Bh6+ Kf7 52. Bg5 Qb1+
53. Qc1 Qd3+ 54. Kg1 Be5 55. Bd2 Qe2 56. Bc3 d4 57. Bd2 Qb5 58. Bf4 Qd5 59. Qd2
Ke6 60. Bh6 Qe4 61. b4 Qb1+ 62. Qc1 Qxc1+ 63. Bxc1 Kd5 64. Kf1 d3 65. Ke1 Kc4
66. Kd1 Kc3 67. g3 b5 68. Bd2+ Kc4 69. Kc1 Kb3 70. Be3 a6 71. Kd2 Kc4 72. Kc1
Bc7 73. Bd2 Kb3 74. Be3 a5 75. Bd2 Kxa3 76. Bc3 Bd6 0-1

[Event "Hessen Senioren-ch 2012  8th"]
[Site "Bad Sooden-Adf. (14.4.-22.4)"]
[Date "2012.04.17"]
[Round "4.70"]
[White "Mertens, Gottfried"]
[Black "Knaak, Hans"]
[Result "1/2-1/2"]
[WhiteElo "1829"]
[BlackElo "1582"]
[PlyCount "119"]
[EventDate "2012.04.??"]
[EventType "swiss"]
[EventRounds "9"]
[EventCountry "GER"]
[WhiteTeam "Weinheim 1911 SK"]
[BlackTeam "Forster 95 SC"]

1. Nf3 c5 2. e4 d6 3. b3 Nf6 4. d3 e6 5. Bb2 Be7 6. Be2 O-O 7. O-O a6 8. a4
Nbd7 9. Nbd2 Qc7 10. a5 b5 11. axb6 Nxb6 12. Re1 Bb7 13. Bf1 Ne8 14. g3 Bf6 15.
e5 dxe5 16. Bxe5 Bxe5 17. Nxe5 Nd5 18. Bg2 Nc3 19. Qg4 Nf6 20. Qh3 Rad8 21.
Bxb7 Qxb7 22. Qg2 Qxg2+ 23. Kxg2 Ra8 24. Ra5 Rfc8 25. Rea1 Nfd5 26. Ndc4 f6 27.
Nd7 Rc6 28. Rxc5 Rxc5 29. Nxc5 Nb5 30. Ne3 Kf7 31. Kf1 Rc8 32. Ra5 Ke7 33. Ke1
Nb4 34. Ne4 f5 35. Nd2 Nxc2+ 36. Nxc2 Rxc2 37. Rxa6 Nd4 38. f4 Rc3 39. b4 Nc2+
40. Ke2 Nxb4 41. Ra7+ Kf6 42. d4 h6 43. Nf3 Rc2+ 44. Kd1 Ra2 45. Rxa2 Nxa2 46.
Kd2 g5 47. Ne5 Nb4 48. Ke2 Nd5 49. Kf3 g4+ 50. Ke2 Nc3+ 51. Ke3 Ne4 52. Nd7+
Ke7 53. Nc5 Nf6 54. Nb3 h5 55. Nd2 Nd5+ 56. Kd3 h4 57. Nf1 Kd6 58. Ne3 h3 59.
Nc4+ Ke7 60. Ke2 1/2-1/2

[Event "Hessen Senioren-ch 2012  8th"]
[Site "Bad Sooden-Adf. (14.4.-22.4)"]
[Date "2012.04.17"]
[Round "4.71"]
[White "Burckhardt, Karl"]
[Black "Fuchs, Manfred(38)"]
[Result "1-0"]
[WhiteElo "1725"]
[BlackElo "1523"]
[PlyCount "21"]
[EventDate "2012.04.??"]
[EventType "swiss"]
[EventRounds "9"]
[EventCountry "GER"]
[WhiteTeam "Fulda SC"]
[BlackTeam "Erkrath 1973 SC"]

1. e4 e6 2. d4 c6 3. Nf3 d5 4. e5 Nd7 5. Bd3 f6 6. O-O Be7 7. Qe2 f5 8. Be3 Nf8
9. c4 g5 10. Nxg5 Kd7 11. Nf7 1-0

[Event "Hessen Senioren-ch 2012  8th"]
[Site "Bad Sooden-Adf. (14.4.-22.4)"]
[Date "2012.04.17"]
[Round "4.72"]
[White "Hielscher, Klaus-Wieprecht"]
[Black "Draxler, Gottfried"]
[Result "1-0"]
[WhiteElo "1545"]
[BlackElo "1697"]
[PlyCount "45"]
[EventDate "2012.04.??"]
[EventType "swiss"]
[EventRounds "9"]
[EventCountry "GER"]
[WhiteTeam "Braunschweiger SF"]
[BlackTeam "Neuberg Sfr."]

1. c4 c5 2. Nf3 Nc6 3. g3 b6 4. Bg2 Bb7 5. O-O Nf6 6. d3 g6 7. a3 Bg7 8. Nbd2
O-O 9. Rb1 d5 10. cxd5 Nxd5 11. Ne1 e6 12. e4 Nde7 13. Ndf3 Qd7 14. b4 cxb4 15.
axb4 b5 16. Be3 Nd4 17. Kh1 Nec6 18. Ng1 Rfd8 19. Qd2 a5 20. bxa5 Rxa5 21. f4
Rda8 22. e5 Bf8 23. h3 1-0

[Event "Hessen Senioren-ch 2012  8th"]
[Site "Bad Sooden-Adf. (14.4.-22.4)"]
[Date "2012.04.17"]
[Round "4.73"]
[White "Aepfler, Gerhard"]
[Black "Paulin, Dieter"]
[Result "1-0"]
[WhiteElo "1673"]
[BlackElo "1493"]
[PlyCount "49"]
[EventDate "2012.04.??"]
[EventType "swiss"]
[EventRounds "9"]
[EventCountry "GER"]
[WhiteTeam "Apolda TSG"]
[BlackTeam "Dingelstädt 1921 SK"]

1. e4 c5 2. Nf3 Nc6 3. d4 cxd4 4. Nxd4 e6 5. Nc3 a6 6. Be2 g6 7. Nxc6 bxc6 8.
Qd4 f6 9. Be3 c5 10. Qd2 Qc7 11. Bf4 Qc6 12. e5 Qxg2 13. O-O-O Qc6 14. exf6
Nxf6 15. h4 Bb7 16. h5 Nxh5 17. Bxh5 gxh5 18. Be5 Rg8 19. Rxh5 Be7 20. Rxh7 Bg5
21. f4 Be7 22. Qh2 Qg2 23. Rxe7+ Kxe7 24. Qh7+ Kf8 25. Bd6+ 1-0

[Event "Hessen Senioren-ch 2012  8th"]
[Site "Bad Sooden-Adf. (14.4.-22.4)"]
[Date "2012.04.17"]
[Round "4.74"]
[White "Bill, Eugen"]
[Black "Bendisch, Juergen Dr"]
[Result "1/2-1/2"]
[WhiteElo "1558"]
[BlackElo "1692"]
[PlyCount "66"]
[EventDate "2012.04.??"]
[EventType "swiss"]
[EventRounds "9"]
[EventCountry "GER"]
[WhiteTeam "Limburg Lahn SV"]
[BlackTeam "Hennef 1927 SV"]

1. d4 d5 2. Nf3 c6 3. c4 e6 4. Nc3 Nf6 5. Bg5 Be7 6. e3 O-O 7. Bd3 Nbd7 8. O-O
h6 9. Bxf6 Bxf6 10. cxd5 exd5 11. a3 Re8 12. b4 a6 13. Qb3 Nf8 14. a4 Bg4 15.
Be2 Qd6 16. Rac1 Bf5 17. b5 axb5 18. axb5 Ra3 19. Qb2 Raa8 20. Ra1 c5 21. Rfd1
c4 22. Rxa8 Rxa8 23. Ra1 Rd8 24. Ra7 Qb6 25. Ra1 Ng6 26. Qb4 Be7 27. Qb2 Be6
28. Na4 Qc7 29. Nc3 b6 30. Ra6 Bc8 31. Ra1 Bb7 32. g3 Bd6 33. Bf1 Ne7 1/2-1/2

[Event "Hessen Senioren-ch 2012  8th"]
[Site "Bad Sooden-Adf. (14.4.-22.4)"]
[Date "2012.04.17"]
[Round "4.75"]
[White "Klose, Hans-Peter"]
[Black "Von Janta, Lothar"]
[Result "0-1"]
[WhiteElo "1442"]
[BlackElo "1656"]
[PlyCount "70"]
[EventDate "2012.04.??"]
[EventType "swiss"]
[EventRounds "9"]
[EventCountry "GER"]
[WhiteTeam "Göttingen Rot-Weiß ESV"]
[BlackTeam "Berenbostel SV"]

1. c4 c5 2. g3 Nc6 3. Bg2 g6 4. Nf3 Bg7 5. O-O e6 6. d3 Nge7 7. Nc3 a6 8. e3
O-O 9. a3 Rb8 10. Rb1 d5 11. cxd5 Nxd5 12. Nxd5 exd5 13. b3 Bf5 14. Nh4 Be6 15.
Bb2 Bxb2 16. Rxb2 Qa5 17. Qa1 Ne5 18. Rd1 Qc3 19. Qb1 d4 20. e4 f6 21. h3 b5
22. f4 Nd7 23. Rc1 Qa5 24. Qa1 Qc7 25. b4 c4 26. dxc4 bxc4 27. Bf1 c3 28. Rf2
Qa7 29. Qb1 Nb6 30. f5 gxf5 31. Nxf5 Rbd8 32. Ne7+ Qxe7 33. Qc2 Nc4 34. Rf4 Nd6
35. Qd3 Bc4 0-1